00450cam a2200169ua 45000010005000000080039000050200018000440400009000620410008000710820012000791000020000912450075001112600036001863000010002226530020002326530028002529774160826n ii |||gr||||Z||||||eng a9789385152146 cMAIN aeng a823.954 aAnish,eAuthor. aScion of Ikshvaku : bbook 1 of the Ram Chandra series / cBy Anish .  aChennai:bWestland ltd.,c2015. a354p. aEnglish fiction aIndian novel in English